000 00476nam a2200169Ia 4500
008 230917s9999||||xx |||||||||||||| ||und||
020 _cGBP75
040 _e230203
_aMAIN
041 _aEnglish
082 _a658.4092 M223L
100 _aMcLaughlin, Mike
245 0 _aLeadership coaching: Developing braver leaders
260 _aNew York
_bRoutledge
_c2016
300 _axiv, 257 p.
500 _a2245 08/01/2016 PBA15/704 08/01/2016 IMSAR (Dev. & Research)
942 _cBK
999 _c17256
_d17256